00681 2200253 4500001002100000005001700021008004100038020002200079035002400101041000800125043001200133082001100145090002100156100001300177245009300190250001000283260003600293300001900329504001800348650001000366700001700376850001200393999002200405YOGYA-0511000000118820110520105855.0 ind  a978-979-3752-47-1 0010-051100000001187 aInd aYOPDYOG a297.22 aDEP 297.22 Muh D aMUHAIMIN aDahsyatnya taubat nasuhabMeraih ampunan menuju surgacMuhaimin;penyunting, Trisnawan Hb acet 1 aYogyakartabCitra Risalahc2010 a150 hlmc21 cm ahlm 151 - 152 aTobat aTrisnawan Hb aYOPDYOG aCB-D.11 2010-1444